Love and eugenics in the late nineteenth century : rational reproduction and the new woman

Αποθηκεύτηκε σε:
Λεπτομέρειες βιβλιογραφικής εγγραφής
Κύριος συγγραφέας: Richardson, Angelique 1970-
Μορφή: Βιβλίο
Γλώσσα:English
Δημοσίευση: Oxford : Oxford University Press, 2003
Θέματα:
Ετικέτες: Προσθήκη ετικέτας
Δεν υπάρχουν, Καταχωρήστε ετικέτα πρώτοι!

MARC

LEADER 00000nam a2200000 i 4500
001 1/95120
008 081009s2003 eng d
020 |a 0-19-818700-9 
035 |l 10100735 
040 |a GR-MY-UA  |b gre  |e aacr 
041 0 |a eng 
082 0 |a 823.8093543  |2 (22) 
100 1 |a Richardson, Angelique  |d 1970- 
245 1 0 |a Love and eugenics in the late nineteenth century :  |b rational reproduction and the new woman /  |c Angelique Richardson 
260 |a Oxford :   |b Oxford University Press,   |c 2003 
300 |a xv, 250 σ., [16] φύλλα πινάκων;  |b εικ.;  |c 23 εκ. 
504 |a Βιβλιογραφία: σ. [228]-238 
504 |a Ευρετήριο: σ. [239]-250 
650 0 0 |a English fiction  |x Women authors  |x History and criticism. 
650 0 0 |a Love in literature. 
650 0 0 |a Feminism and literature  |z Great Britain  |x History  |y 19th century. 
650 0 0 |a Women and literature  |z Great Britain  |x History  |y 19th century. 
650 0 0 |a English fiction  |y 19th century  |x History and criticism. 
650 0 0 |a Eugenics  |z Great Britain  |x History  |y 19th century. 
650 0 0 |a Feminist fiction, English  |x History and criticism. 
650 0 0 |a Human reproduction in literature. 
650 0 0 |a Social classes in literature. 
650 0 0 |a Middle class in literature. 
650 0 0 |a Rationalism in literature. 
650 0 0 |a Eugenics in literature. 
650 0 0 |a Women in literature. 
852 |a INST  |b LESVOS  |e 20081009  |h 823.8093543 RIC  |p 005100043230  |q 005100043230  |t BK  |y 0 
901 |a BIBL1-2008-3 
909 |a Λ  |b 152235 
922 |a 1ΕΛΗ  |b 200803  |c ΕΠΕΑΕΚ2/ΤΚΑ  |d ΕΛΕΥΘΕΡΟΥΔΑΚΗΣ 
970 |a ΚΑΡΑ  |b ΓΙΑΣΕΜΗ  |z 2008/10/09